Correlación entre las vaiables críticas del mezclado de cuacho y su impacto en la vulacnización incipiente
Saved in:
| Main Author: | |
|---|---|
| Format: | Book |
| Language: | Spanish |
| Published: |
San José, Costa Rica
2016
|
| Subjects: | |
| Tags: |
Add Tag
No Tags, Be the first to tag this record!
|
MARC
| LEADER | 00000nam a22000007a 4500 | ||
|---|---|---|---|
| 003 | 012332 | ||
| 005 | 20221231144041.0 | ||
| 008 | 160225b2016 c a|||| |||| 00| ||spa d | ||
| 040 | |c cru CEDI | ||
| 090 | |a TFG 7496 | ||
| 100 | |9 3325 |a Acuña Ballestero, Wayner | ||
| 245 | |a Correlación entre las vaiables críticas del mezclado de cuacho y su impacto en la vulacnización incipiente | ||
| 260 | |a San José, Costa Rica |c 2016 | ||
| 300 | |a v,119 hojas;ilustraciones(algunas a color) | ||
| 500 | |a Proyecto de graduación (licenciatura en ingeniería química)--Universidad de Costa Rica. Facultad de Ingeniería. Escuela de Ingeniería Química | ||
| 650 | |x CAUCHO |x VULCANIZACION |x CONTROL DE CALIDAD |x CONTROL DE PROCESOS |x TEMPERATURA |9 3326 | ||
| 942 | |c TFG | ||
| 999 | |c 16159 |d 16159 | ||
